Normal view MARC view
  • Financiación de la Educación

Entry Materia

Number of records used in: 43

001 - NÚMERO DE CONTROL DEL REGISTRO

  • campo de control: 1620

003 - IDENTIFICADOR DE NUMERO DE CONTROL

  • campo de control: UPN

005 - FECHA Y HORA DE LA ÚLTIMA TRANSACCIÓN

  • campo de control: 20250311155144.0

008 - DATOS DE LONGITUD FIJA

  • campo de control de longitud fija: nabaccnnaabn|||||||||| b |nc|||||d

035 ## - NÚMERO DE CONTROL DEL SISTEMA

  • Número de control del sistema: UPN10000001620

040 ## - FUENTE DE LA CATALOGACIÓN

  • Lengua de catalogación: SPA
  • Agencia de transcripción: UPN

150 ## - ENCABEZAMIENTO - TEMÁTICO

  • Término de materia o nombre geográfico como elemento inicial: Financiación de la Educación

450 ## - VÉASE - MATERIA

  • Encabezamiento temático: Educación -
  • Subdivisión temática general: Financiación

670 ## - FUENTE EN LA QUE SE LOCALIZARON DATOS

  • Cita de la fuente: A/P

902 ## - CATALOGADOR

  • Catalogador: CAA/251004